[Teorija meždunarodnych otnošenij, učebnoje posobije]

Recenzia na vysokoškolskú učebnicu, ktora sa venuje problematike teórie medzinárodných vzťahov .

Saved in:
Bibliographic Details
Main Author: Škvrnda, František
Format: Book Chapter
Language:Slovak
Subjects:
Tags: Add Tag
No Tags, Be the first to tag this record!

MARC

LEADER 00000naa a2200000 4500
001 0228662
005 20240502073747.9
041 0 |a slo 
044 |a SK 
245 1 0 |a [Teorija meždunarodnych otnošenij, učebnoje posobije]  |c František Škvrnda 
520 |a Recenzia na vysokoškolskú učebnicu, ktora sa venuje problematike teórie medzinárodných vzťahov . 
610 2 0 |a recenzie 
610 2 0 |a sociológia 
610 2 0 |a vzťahy medzinárodné 
100 1 |a Škvrnda, František